000 00334nam a2200145Ia 4500
100 _aPalani/S/ Jairath/A.K
650 _aControl system
942 _cBK
366 _f20
245 _aAutomatic control systems including MATLAB
260 _bAne Books
_c2013
082 _a629.8
_bPAL
546 _aENGLISH
_cInfo.Tech
999 _c30562
_d30562